000 00480nam a2200205Ia 4500
003 OSt
005 20230417114141.0
008 210423s2003 xx 000 0 und d
020 _a8176494356
040 _cAL
041 _aeng
082 _a822.3378 SMIP
100 _aSMITH (Peter J);WOOD (Nigel).
_989303
245 _aHamlet.
260 _aNew Delhi
_bViva Books Pvt Ltd
_c2003
300 _axii,161
_bPB
365 _b95
_cINR
906 _aHamlet.
942 _2ddc
_cBK
999 _c159946
_d159946